000 00265nam a22001217a 4500
020 _a0-408-70535-3
082 _a621.37 JON'I
100 _aJONES, E. B
_975290
245 _aINSTRUMENT TECHNOLOGY
260 _aLONDON
_bNEWNES
_c1974
300 _aV-1
942 _cBK
999 _c580737
_d580737